LIBRARY ONLINE CATALOGUE

Entrepreneurship : (Record no. 8960)

MARC details
000 -LEADER
fixed length control field 00695cam a22002292 4500
001 - CONTROL NUMBER
control field 0000019435
005 - DATE AND TIME OF LATEST TRANSACTION
control field 20151217152155.0
008 - FIXED-LENGTH DATA ELEMENTS--GENERAL INFORMATION
fixed length control field 101115s xx 000 0 eng d
020 ## - INTERNATIONAL STANDARD BOOK NUMBER
International Standard Book Number 032453969x :
040 ## - CATALOGING SOURCE
Original cataloging agency KABU
Transcribing agency KABU
050 #0 - LIBRARY OF CONGRESS CALL NUMBER
Classification number HB615
Item number .B37 2008
100 1# - MAIN ENTRY--PERSONAL NAME
Personal name Baron, Robert A.
-- 0000149991
245 10 - TITLE STATEMENT
Title Entrepreneurship :
Remainder of title a process perspective /
Statement of responsibility, etc. Robert A. Baron, Scott A. Shane.
250 ## - EDITION STATEMENT
Edition statement 2nd ed.
260 ## - PUBLICATION, DISTRIBUTION, ETC. (IMPRINT)
Place of publication, distribution, etc. Mason, Ohio :
Name of publisher, distributor, etc. South-Western,
Date of publication, distribution, etc. 2008.
300 ## - PHYSICAL DESCRIPTION
Extent xiv, 476 p.
650 #0 - SUBJECT ADDED ENTRY--TOPICAL TERM
Topical term or geographic name as entry element Entrepreneurship.
-- 0000148283
700 1# - ADDED ENTRY--PERSONAL NAME
Personal name Shane, Scott A.
-- 0000149992
852 1# - LOCATION
-- p5323.50 KES
908 ## - PUT COMMAND PARAMETER (RLIN)
Put command parameter 101115
950 ## - LOCAL HOLDINGS (RLIN)
-- 1
Holdings
Withdrawn status Lost status Source of classification or shelving scheme Not for loan Home library Current library Date acquired Total Checkouts Full call number Barcode Date last seen Date last checked out Price effective from Koha item type
    Library of Congress Classification   Kabarak, Main Campus Kabarak, Main Campus 17/12/2015 1 HB615 .B37 2008 c. 1 23318 19/03/2021 15/09/2017 17/12/2015 General Collection